| 000 | 00461 a2200157 4500 | ||
|---|---|---|---|
| 999 |
_c5979 _d5979 |
||
| 020 | _a9780128024447 | ||
| 050 | _aQD 253 OUE 2015 | ||
| 100 |
_aOuellete, Robert, J _eauthor |
||
| 245 |
_aPrinciples of organic chemistry/ _cRobert J. Ouellette and J. David Rawn |
||
| 264 |
_aAmsterdam: _bElsevier, _c2015. |
||
| 300 |
_a485p.: _bill.(col.) |
||
| 500 | _aIncludes index | ||
| 650 | _achemistry | ||
| 700 |
_aRawn, David J. _eauthor |
||
| 942 |
_2lcc _cBK _h253 _iOUE _kQD |
||